Online
Catalog

Composición social dominicana : (Record no. 2064)

MARC details
000 -CABECERA
campo de control de longitud fija 02542nam a2200361 i 4500
001 - NÚMERO DE CONTROL
campo de control 000002216
003 - IDENTIFICADOR DEL NÚMERO DE CONTROL
campo de control DO-SdBNP
005 - FECHA Y HORA DE LA ÚLTIMA TRANSACCIÓN
campo de control 20260321073637.0
007 - CAMPO FIJO DE DESCRIPCIÓN FÍSICA--INFORMACIÓN GENERAL
campo de control de longitud fija ta
008 - DATOS DE LONGITUD FIJA--INFORMACIÓN GENERAL
campo de control de longitud fija 081126s1970 dr 000 0 spa d
040 ## - FUENTE DE LA CATALOGACIÓN
Centro catalogador/agencia de origen DO-SdBNP
Lengua de catalogación spa
Centro/agencia transcriptor BNPHU
Normas de descripción rda
041 ## - CÓDIGO DE LENGUA
Código de lengua original spa
082 ## - NÚMERO DE LA CLASIFICACIÓN DECIMAL DEWEY
Número de clasificación 305.57293
Número de documento/Ítem B742c, 1970
Número de edición 22
100 1# - ENTRADA PRINCIPAL--NOMBRE DE PERSONA
Nombre de persona Bosch, Juan,
Fechas asociadas al nombre 1909-2001
Término indicativo de función/relación autor
9 (RLIN) 76555
245 10 - MENCIÓN DE TÍTULO
Título Composición social dominicana :
Resto del título historia e interpretación /
Mención de responsabilidad, etc. Juan Bosch.
250 ## - MENCIÓN DE EDICIÓN
Mención de edición 2a. edición corregida y ampliada
264 ## - PRODUCCIÓN, PUBLICACIÓN, DISTRIBUCIÓN, FABRICACIÓN Y COPYRIGHT
Producción, publicación, distribución, fabricación y copyright Santo Domingo :
Nombre del de productor, editor, distribuidor, fabricante Arte y Cine,
Fecha de producción, publicación, distribución, fabricación o copyright 1970.
300 ## - DESCRIPCIÓN FÍSICA
Extensión 324 páginas : ;
Dimensiones 19 cm.
336 ## - TIPO DE CONTENIDO
Término de tipo de contenido rdacontent
Código de tipo de contenido texto
Fuente txt
337 ## - TIPO DE MEDIO
Nombre/término del tipo de medio rdamedia
Código del tipo de medio sin mediación
Fuente n
338 ## - TIPO DE SOPORTE
Nombre/término del tipo de soporte rdacarrier
Código del tipo de soporte volumen
Fuente nc
490 1# - MENCIÓN DE SERIE
Mención de serie Pensamiento y Cultura ;
Designación de volumen o secuencia 2
500 ## - NOTA GENERAL
Nota general Incluye referencias bibliográficas y notas al pie de las páginas
505 0# - NOTA DE CONTENIDO CON FORMATO
Título Un preámbulo necesario --
-- Origen de las clases sociales en Santo Domingo --
-- Aparición y declinación de una oligarquía del azúcar --
-- De los ingenios a los hatos --
-- El desarrollo de la sociedad hatera --
-- La curiosa sociedad de los bucaneros --
-- La colonia francesa de Saint-Domingue --
-- El siglo de la miseria --
-- De la inamovilidad del siglo XVII al dinamismo del siglo XVIII --
-- Medio siglo de relativo desarrollo --
-- Santo Domingo en el panorama del Caribe --
-- La revolución haitiana --
-- El caso de las emigraciones --
-- El gobierno de los hateros y la sociedad de los cosecheros de tabaco --
-- Las causas de la invasión haitiana en 1822 --
-- La pequeña burguesía en la historia dominicana --
-- La pequeña burguesía contra el poder de los hateros --
-- 1857-1861. Luchas en el seno de la pequeña burguesía --
-- La restauración, obra de la pequeña burguesía --
-- El largo reinado de la pequeña burguesía en la vida política nacional --
-- La composición social y los partidos políticos de la época --
-- El gobierno de los azules o el camino hacia la sociedad burguesa --
-- De la muerte de Heureaux a la muerte de Cáceres --
-- El imperialismo en acción --
-- La composición social hasta 1930 --
-- Trujillo, o el paso de la pequeña burguesía a la burguesía --
-- La composición social a la muerte de Trujillo /
590 ## - NOTA LOCAL (RLIN)
Nota local Inventariado, 2019/YL
650 14 - PUNTO DE ACCESO ADICIONAL DE MATERIA--TÉRMINO DE MATERIA
Término de materia o nombre geográfico como elemento de entrada Clases sociales
Subdivisión geográfica República Dominicana
Subdivisión general Historia
9 (RLIN) 413
650 14 - PUNTO DE ACCESO ADICIONAL DE MATERIA--TÉRMINO DE MATERIA
Término de materia o nombre geográfico como elemento de entrada Sociología
Subdivisión general Historia
9 (RLIN) 414
651 14 - PUNTO DE ACCESO ADICIONAL DE MATERIA--NOMBRE GEOGRÁFICO
Nombre geográfico República Dominicana
Subdivisión general Condiciones sociales
9 (RLIN) 46
651 14 - PUNTO DE ACCESO ADICIONAL DE MATERIA--NOMBRE GEOGRÁFICO
Nombre geográfico República Dominicana
Subdivisión general Historia
9 (RLIN) 170
830 #0 - PUNTO DE ACCESO ADICIONAL DE SERIE-TÍTULO UNIFORME
Título uniforme Pensamiento y Cultura ;
Número de parte o sección de la obra 2
9 (RLIN) 415
910 ## - DATOS DE OPCIÓN DEL USUARIO (OCLC)
Datos de opción del usuario DG
942 ## - ELEMENTOS DE PUNTO DE ACCESO ADICIONAL (KOHA)
Fuente del sistema de clasificación o colocación Dewey Decimal Classification
Tipo de ítem Koha Libro
Holdings
Estado de retiro Estado de pérdida Restricciones de uso No para préstamo Código de colección Localización permanente Ubicación/localización actual Ubicación en estantería Fecha de adquisición Número de inventario Total de préstamos Signatura topográfica completa Código de barras Fecha visto por última vez Precio válido a partir de Tipo de ítem Koha Nota pública Fuente del sistema de clasificación o colocación Fuente de adquisición Número de copia
    Préstamo en sala   Patrimonio Dominicano Biblioteca Nacional Pedro Henríquez Ureña Biblioteca Nacional Pedro Henríquez Ureña En catalogación 26.11.2024     BNPHU PD 305.57293 B742c, 1970 2024-6706 26.11.2024 26.11.2024 Libro Pertenecio a la biblioteca personal de Emilio Cordero Michel Dewey Decimal Classification Donado por la Presidencia de la República Dominicana 2023 e.2
    Préstamo interno   Patrimonio Dominicano Patrimonio Dominicano Patrimonio Dominicano En catalogación 01.07.2009 LF1   305.57293 B742c, 1970 2216-10 25.06.2020 25.06.2020 Libro y Folleto Colección Patrimonio Dominicano Perteneció a la biblioteca personal de Aída Cartagena Portalatín.      

Powered by Koha